000 00331nam a2200145Ia 4500
008 150201s2014 xx 000 0 und d
082 _a610.3
_bN14P
100 _aPANDA, U.N.
245 _aJAYPEE'S NURSES DICTONARY
250 _a4TH
260 _bJAYPEE
_aDELHI
_c2014
300 _a822
650 _aDICTIONARY
942 _2ddc
_cBK
999 _c2445
_d2445